Alayam the Hindu temple : (Record no. 42962)

MARC details
000 -LEADER
fixed length control field 00707nam a22001937a 4500
005 - DATE AND TIME OF LATEST TRANSACTION
control field 20100823141657.0
010 ## - LCCN (DPL NO)
LC control number ENG-101270
020 ## - INTERNATIONAL STANDARD BOOK NUMBER
International Standard Book Number 9788178235424
Terms of availability 110.00
035 ## - SYSTEM CONTROL NUMBER
System control number EN-84803
037 ## - SOURCE OF ACQUISITION
Source of stock number/acquisition DBAD/PUB
082 ## - DEWEY DECIMAL CLASSIFICATION NUMBER
Classification number 230.64
100 ## - MAIN ENTRY--PERSONAL NAME
Personal name Reddy, G. Venkataramana
245 ## - TITLE STATEMENT
Title Alayam the Hindu temple :
Statement of responsibility, etc by G. Venkataramana Reddy
Remainder of title an epitome of Hindu culture /
260 ## - PUBLICATION, DISTRIBUTION, ETC. (IMPRINT)
Place of publication, distribution, etc Chennai
Name of publisher, distributor, etc Sri Ramakrishna Math
Date of publication, distribution, etc 2010
270 ## - ADDRESS
Address Mylapore
City Chennai
Postal code 600004
300 ## - PHYSICAL DESCRIPTION
Extent 128p.:
Dimensions 28cm (pbk)
Other physical details ill.
942 ## - ADDED ENTRY ELEMENTS (KOHA)
Source of classification or shelving scheme Dewey Decimal Classification
Item type English Books
Classification part 230.64
Call number suffix RED
Holdings
Withdrawn status Lost status Not for loan Collection code Home library Current library Date acquired Source of acquisition Cost, normal purchase price Full call number Barcode Copy number Cost, replacement price Koha item type
    Not For Loan Non-fiction D.B.Act.Division D.B.Act.Division 23/08/2010 DBAD/PUB 110.00 230.64 RED EN-84803 1 110.00 English Books

© Delhi Public Library
Hit Counter
free hit counter